বাংলার সুলতানী যুগের বার বাজারের মুসলিম ইতিহাস / (Record no. 47813)
[ view plain ]
| 000 -LEADER | |
|---|---|
| fixed length control field | 00908nam a2200229 a 4500 |
| 001 - CONTROL NUMBER | |
| control field | 47813 |
| 003 - CONTROL NUMBER IDENTIFIER | |
| rucl marc code | BD-RjUL |
| 005 - DATE AND TIME OF LATEST TRANSACTION | |
| control field | 20211209054411.0 |
| 008 - FIXED-LENGTH DATA ELEMENTS--GENERAL INFORMATION | |
| fixed length control field | 160810s2001 bg a|||| |||| 00| 0 ben d |
| 035 ## - SYSTEM CONTROL NUMBER | |
| System control number | (BD-RjUL)47932 |
| 040 ## - CATALOGING SOURCE | |
| Original cataloging agency | BD-RjUL |
| Language of cataloging | ben |
| Transcribing agency | BD-RjUL |
| 041 ## - LANGUAGE CODE | |
| Language code of text/sound track or separate title | ben |
| 082 ## - DEWEY DECIMAL CLASSIFICATION NUMBER | |
| Classification number | 726.2 |
| Author mark and year | RAB 2001 |
| 100 ## - MAIN ENTRY--PERSONAL NAME | |
| Personal name | রহমান, মো: বজলুর |
| 9 (RLIN) | 145176 |
| 245 10 - TITLE STATEMENT | |
| Title | বাংলার সুলতানী যুগের বার বাজারের মুসলিম ইতিহাস / |
| Statement of responsibility, etc. | মো: বজলুর রহমান |
| 250 ## - EDITION STATEMENT | |
| Edition statement | সম্পাদিত সং. |
| 260 ## - PUBLICATION, DISTRIBUTION, ETC. (IMPRINT) | |
| Place of publication, distribution, etc. | ঝিনাইদহ : |
| Name of publisher, distributor, etc. | মসজিদ লাইব্রেরী, |
| Date of publication, distribution, etc. | ২০০১ |
| 300 ## - PHYSICAL DESCRIPTION | |
| Pagination | [৬], ৩৩ পৃ. : |
| Illustrations | চিত্র ; |
| Size | ২১ সেমি. |
| 650 ## - SUBJECT ADDED ENTRY--TOPICAL TERM | |
| Topical term or geographic name as entry element | মসজিদ ও গম্বুজ |
| 9 (RLIN) | 145177 |
| Topical term or geographic name as entry element | Mosque and Minerets |
| 9 (RLIN) | 145178 |
| 942 ## - ADDED ENTRY ELEMENTS (KOHA) | |
| Source of classification or shelving scheme | Dewey Decimal Classification |
| Koha item type | Books |
| Lost status | Source of classification or shelving scheme | Damaged status | Not for loan | Collection code | Permanent Location | Current Location | Shelving location | Date acquired | Total Checkouts | Full call number | Date last seen | Copy number | Koha item type |
|---|---|---|---|---|---|---|---|---|---|---|---|---|---|
| Dewey Decimal Classification | Non-fiction | Central Library, University of Rajshahi | Central Library, University of Rajshahi | 04/02/2002 | B 726.2 RAB 2001 | 10/08/2016 | C-2 | Books | |||||
| Dewey Decimal Classification | Non-fiction | Central Library, University of Rajshahi | Central Library, University of Rajshahi | 04/02/2002 | B 726.2 RAB 2001 | 10/08/2016 | C-3 | Books | |||||
| Dewey Decimal Classification | Non-fiction | Central Library, University of Rajshahi | Central Library, University of Rajshahi | 04/02/2002 | B 726.2 RAB 2001 | 10/08/2016 | C-4 | Books | |||||
| Dewey Decimal Classification | Not For Loan | Non-fiction | Central Library, University of Rajshahi | Central Library, University of Rajshahi | Reading Room | 04/02/2002 | B 726.2 RAB 2001 | 25/01/2017 | C-1 | Books |